00487 2200169 4500001002100000005001700021008004100038035002400079082001000103090001600113100001200129245007700141260004200218300002000260650002600280990001100306YOGYA-0612000000052420120607193012.0 ind  0010-061200000000522 a823.9 a823.9 LUH O aLU HSUN aOld tales retoldcLu Hsun; translated by Yang Hsien- Yi and Gladys Yang. aPekingbForeign Languages Pressc1961 a151 hlm.b19 cm aFiksi Sejarah-Inggris a5798-b